00473nam a2200145 a 450000500170000000800410001702000180005805000230007610000160009924500950011526000430021030000220025365000200027565000320029520140412111237.0010710s19uu xx 00 eng d a0-7871-0490-6 aTR(PS EbDa12 1997 aKing, Larry aDaddy day, daughter day /cby Larry King and Chaia King; illustrated by Wendy Christensen. aLos Angeles, CA :bA Dove Kids,c1997. a1v. (unp.) ; ill. aDivorce-Stories aFather and daughter-Stories